Capitales des Länder de l'Allemagne - Statistiques

Statistiques générales
  • Ce quiz a été pris 61 fois
  • Le résultat moyen est 8 sur 14
Statistiques - réponses
Land Capitale % Correct
Bade-Wurtemberg Stuttgart
84%
Brême Brême
82%
Rhénanie-du-Nord-Westphalie Düsseldorf
67%
Basse-Saxe Hanovre
67%
Sarre Sarrebruck
67%
Schleswig-Holstein Kiel
62%
Saxe Dresde
60%
Brandebourg Potsdam
56%
Hesse Wiesbaden
49%
Bavière Erfurt
44%
Thuringe Erfurt
44%
Rhénanie-Palatinat Mayence
44%
Saxe-Anhalt Magdebourg
42%
Mecklembourg-Poméranie-Occidentale Schwerin
40%
Aucun quiz correspondant
Distribution des résultats
% des personnes avec chaque résultat
Percentile par nombre de réponses
Votre historique - résultats
Vous n’avez pas pris ce quiz